000 00274nam a22001217a 4500
008 170516b xxu||||| |||| 00| 0 eng d
041 _aeng
080 _a94
100 _a16
101 _aSHH
245 _aHISTORY THE BYZANTINE STATE
_cOSTROGORSKY.G
942 _2udc
_cBK
999 _c13355
_d13355